000 00288nam a2200121Ia 4500
008 191201s2019 xx 000 0 und d
100 _aWHITMAN, Michaele
245 0 _aManagement of Information Security
260 _bCengage
300 _a566
650 _aB.Tech(CSE)
942 _2ddc
_cBK
999 _c6870
_d6870